All Benson Boone Songs (June 2025) - Statistics

General Stats
  • This quiz has been taken 80 times
  • The average score is 32 of 41
Answer Stats
Year Song % Correct
In The Stars
96%
In The Stars - French Version (feat. Philippine Lavrey)
96%
Beautiful Things
93%
Mr Electric Blue
93%
2021 Ghost Town
89%
Mystical Magical
89%
Young American Heart
89%
Cry
85%
Man In Me
85%
Momma Song
85%
Slow It Down
85%
2025 Sorry I'm Here For Someone Else
85%
Be Someone
81%
Empty Heart Shaped Box
81%
2024 Intro
81%
ROOM FOR 2
81%
To Love Someone
81%
What Was
81%
I Wanna Be The One You Call
78%
Little Runaway
78%
2023 Coffee Cake
74%
Friend
74%
2022 Let Me Go
74%
My Greatest Fear
74%
NIGHTS LIKE THESE
74%
Reminds Me Of You
74%
Sugar Sweet
74%
Take Me Home
74%
There She Goes
74%
Wanted Man
74%
Pretty Slowly
70%
Before You
67%
Drunk In My Mind
67%
What Do You Want
67%
Work of Art
67%
Death Wish Love
63%
Forever and a Day
63%
Hello Love
63%
Lovely Darling
63%
Love Of Mine
63%
Better Alone
59%
No matching quizzes found
Score Distribution
Percent of People with Each Score
Percentile by Number Answered
Your Score History
You have not taken this quiz